000 00491nam a22001577a 4500
003 MACL
005 20210923173502.0
008 181218b xxu||||| |||| 00| 0 eng d
040 _cMACL
082 _a800
100 _aउदयसिंह
_943206
245 _aहिन्‍दी बाल कविता की प्रवत्तियॉं
260 _aकानपुर
_bआशा
_c2014
650 _aकाव्‍य समीक्षा
_948818
942 _2ddc
_cHIN
999 _c58741
_d58741